Chiffres en chansons - Statistiques

Statistiques générales
  • Ce quiz a été pris 309 fois
  • Le résultat moyen est 12 sur 50
Statistiques - réponses
Interprètes Année Chanson % Correct
Indochine 1985 3 nuits par semaine
91%
Fredericks, Goldman & Jones 1990 Né en 17 à Leidenstadt
75%
Dalida 1973 Il venait d'avoir 18 ans
74%
Jacques Brel 1959 La valse à 1000 temps
72%
Jacques Dutronc 1968 Il est 5 heures, Paris s'éveille
70%
Alain Souchon 1974 J'ai 10 ans
66%
Patrick Fiori & Jean-Jacques Goldman 2007 4 mots sur un piano
57%
Serge Gainsbourg & Jane Birkin 1969 69 année érotique
56%
Pierre Bachelet 1985 En l'an 2001
48%
Nena 1983 99 luftballons
43%
Lou Bega 1999 Mambo No. 5
40%
The White Stripes 2003 7 nation army
35%
Renaud 1991 500 connards sur la ligne de départ
34%
Michel Sardou 1977 10 ans plus tôt
33%
Mireille Mathieu 1977 1000 colombes
31%
Green Day 2009 21 guns
30%
Joséphine Baker 1930 J'ai 2 amours
25%
Neneh Cherry & Youssou N'Dour 1994 7 seconds
24%
The Beatles 1964 8 days a week
24%
Lorie 2003 A 20 ans
22%
Blur 1997 Song 2
20%
Madonna & Justin Timberlake 2008 4 minutes
19%
Joe Dassin 1976 Le café des 3 colombes
15%
Pascal Obispo & Melissa Mars 2006 1980
15%
Sylvie Vartan & Carlos 1967 2'35 de bonheur
15%
Vanessa Carlton 2002 A Thousand miles
15%
Bob Marley & The Wailers 1977 3 little birds
14%
Phil Collins 1985 1 more night
12%
Tina Arena 1997 Les 3 cloches
12%
Craig David 2000 7 days
11%
Michel Delpech 1979 30 manières de quitter une fille
11%
Serge Reggiani 1968 Votre fille a 20 ans
11%
Eddy Mitchell 1993 18 ans demain
10%
The Connells 1993 '74-'75
8%
Amel Bent & Diam's 2007 A 20 ans
7%
James Blunt 2007 1973
7%
Jay-Z 2003 99 problems
7%
Aphrodite's Child 1969 It's 5 O'clock
6%
Lily Allen 2009 22
6%
Stephan Eicher 1985 2 people in a room
6%
Booba 2004 N°10
5%
Eric Charden 1974 14 ans les gauloises
5%
Hubert-Félix Thiéfaine 1981 113ème cigarette sans dormir
5%
Annie Cordy 1979 1515
4%
Jean Leloup 1991 1990
4%
Les Poppys 1970 Noël 70
4%
Scottie 2002 1m73, 62 kg
3%
Ringo Star 1973 You're sixteen
2%
The Smashing Pumpkins 1995 1979
2%
Benny B 1992 10,9,8...
0%
Aucun quiz correspondant
Distribution des résultats
% des personnes avec chaque résultat
Percentile par nombre de réponses
Votre historique - résultats
Vous n’avez pas pris ce quiz